Welcome to CU Library Online Public Access Catalogue (OPAC)

50 people every Christian should know : (Record no. 9327)

MARC details
000 -LEADER
fixed length control field 00539cam a22001694a 4500
001 - CONTROL NUMBER
control field 15500155
005 - DATE AND TIME OF LATEST TRANSACTION
control field 20260421091903.0
008 - FIXED-LENGTH DATA ELEMENTS--GENERAL INFORMATION
fixed length control field 081027s2009 miu b 000 0ceng
020 ## - INTERNATIONAL STANDARD BOOK NUMBER
International Standard Book Number 9780801071942
Qualifying information pbk.
050 00 - LIBRARY OF CONGRESS CALL NUMBER
Classification number BR1700.3
Item number .W54 2009
100 1# - MAIN ENTRY--PERSONAL NAME
Personal name Wiersbe, Warren W.
245 10 - TITLE STATEMENT
Title 50 people every Christian should know :
Remainder of title learning from spiritual giants of the faith /
Statement of responsibility, etc. Warren W. Wiersbe.
260 ## - PUBLICATION, DISTRIBUTION, ETC.
Place of publication, distribution, etc. Grand Rapids, MI :
Name of publisher, distributor, etc. Baker Books,
Date of publication, distribution, etc. 2009.
300 ## - PHYSICAL DESCRIPTION
Extent 398 p. ;
Dimensions 23 cm.
650 #0 - SUBJECT ADDED ENTRY--TOPICAL TERM
Topical term or geographic name entry element Christian biography.
942 ## - ADDED ENTRY ELEMENTS (KOHA)
Source of classification or shelving scheme Library of Congress Classification
Koha item type Books
Suppress in OPAC No
999 ## -
-- 9327
-- 9327
Holdings
Withdrawn status Lost status Source of classification or shelving scheme Damaged status Not for loan Collection Home library Current library Shelving location Date acquired Total checkouts Full call number Barcode Date last seen Price effective from Koha item type
    Library of Congress Classification     Non-fiction Main Library (Kumasi) Main Library (Kumasi) General stacks 04/21/2026   BR1700.3.W54 WIE bssk00000058 04/21/2026 04/21/2026 Books
© 2023-2024 Copyright: Central University Libraries. All Rights Reserved | Created by: Mahone Tech Office